000 00242nam a2200097Ia 4500
005 20251222175820.0
008 251222s9999||||xx |||||||||||||| ||spa||
082 _aDVD0070/B33/2010
245 0 _aOf Gods and Men:De dioses y hombres
942 _cDVD
999 _c40449
_d40449